000
00290nam a22001337a 4500
008
180925b xxu||||| |||| 00| 0 eng d
020
_a
9781568362915
041
_a
eng
080
_a
070
100
_a
40
101
_a
MED
245
_a
In Our Own Words
_c
Carroll.,A
942
_2
udc
_c
BK
999
_c
48447
_d
48447